000 00299nam a2200133 i 4500
001 bg
100 1 _aPASENKIEWICZ, K.
245 0 _aLogika ogólna /
_cK. Pasenkiewicz.
260 _aWarszawa,
_c1979.
040 _cBPK
041 _apol
942 _cKS
008 s pl f |000 0 pol
999 _c18700
_d18700
856 _uhttp://koha.tu.koszalin.pl/cgi-bin/koha/opac-detail.pl?biblionumber=18700
_yKatalog online BPK